Urbanization and formation of ethnicity in Southeast Asia / (Record no. 17120)
[ view plain ]
| 000 -LEADER | |
|---|---|
| fixed length control field | 02268cam a22003255a 4500 |
| 001 - CONTROL NUMBER | |
| control field | 15647093 |
| 003 - CONTROL NUMBER IDENTIFIER | |
| control field | OSt |
| 005 - DATE AND TIME OF LATEST TRANSACTION | |
| control field | 20140310182903.0 |
| 008 - FIXED-LENGTH DATA ELEMENTS--GENERAL INFORMATION | |
| fixed length control field | 090305s2009 ph ab b 000 0 eng |
| 010 ## - LIBRARY OF CONGRESS CONTROL NUMBER | |
| LC control number | 2009316200 |
| 020 ## - INTERNATIONAL STANDARD BOOK NUMBER | |
| International Standard Book Number | 9711011925 |
| 040 ## - CATALOGING SOURCE | |
| Original cataloging agency | DLC |
| Transcribing agency | DLC |
| Modifying agency | DLC |
| 042 ## - AUTHENTICATION CODE | |
| Authentication code | lcode |
| 043 ## - GEOGRAPHIC AREA CODE | |
| Geographic area code | as----- |
| 050 ## - LIBRARY OF CONGRESS CALL NUMBER | |
| Classification number | DS 523.3 |
| Item number | .G577 2009 |
| 082 ## - DEWEY DECIMAL CLASSIFICATION NUMBER | |
| Classification number | M 305.800959 |
| Item number | G577 2009 |
| 245 00 - TITLE STATEMENT | |
| Title | Urbanization and formation of ethnicity in Southeast Asia / |
| Statement of responsibility, etc | Toh Goda, ed. |
| 260 ## - PUBLICATION, DISTRIBUTION, ETC. (IMPRINT) | |
| Place of publication, distribution, etc | Quezon City, Philippines : |
| Name of publisher, distributor, etc | New Day Publishers, |
| Date of publication, distribution, etc | c2009. |
| 300 ## - PHYSICAL DESCRIPTION | |
| Extent | xli, 288 p. : |
| Other physical details | ill., maps ; |
| Dimensions | 23 cm. |
| 504 ## - BIBLIOGRAPHY, ETC. NOTE | |
| Bibliography, etc | Includes bibliographical references (p. [258]-281). |
| 505 0# - FORMATTED CONTENTS NOTE | |
| Formatted contents note | Problems and prospects in anthropological study of urbanization and formation of ethnicity in Southeast Asia / Toh Goda -- City, civil society and minority, the case of the Aeta and the City of Tayabas and Lucena, Quezon, Philippines / Yasuaki Tamaki -- Formation of Igorot Village in Cainta, Rizal Province, Philippines / Toh Goda -- Urbanization among the Waray squatters of Tacloban City, Leyte, Philippines / Artemio C. Barbosa -- The contemporary rural-urban linkage, a case of the Philippines / Itaru Nagasaka -- Urbanization and indigenous people, development among the Orang Asli, Malaysia / Toshihiro Nobuta -- The development of Miri City and the ethnicity of minority groups in Northern Sarawak / Masao Ishii -- The location of ethnicity and spatial segregation in Metropolitan Area, Malaysia / Hisashi Endo -- Spheres of control in postcolonial plural societies, the Malaysian experience / Shamsul, Amri B. -- Peranakanization, indonesianization, and cultural citizenship among the ethnic Chinese in an Indonesian town, the case of Makassar / Makoto Itoh -- The raglai social management and administrative system in the Bac Ai District, Ninh Thuan Province, Vietnam / Hoang Van Viet -- The sustainability of the Khmer traditional sociopolitical institutions in their ethnicity processes in Mekong Delta / Phan An. |
| 521 ## - TARGET AUDIENCE NOTE | |
| Target audience note | |
| 526 ## - STUDY PROGRAM INFORMATION NOTE | |
| Reading level | 1210L-1700L |
| 541 ## - IMMEDIATE SOURCE OF ACQUISITION NOTE | |
| -- | 1 |
| 562 ## - COPY AND VERSION IDENTIFICATION NOTE | |
| Number of copies | 1 |
| 700 1# - ADDED ENTRY--PERSONAL NAME | |
| Personal name | Goda, Toh. |
| 906 ## - LOCAL DATA ELEMENT F, LDF (RLIN) | |
| a | 7 |
| b | ibc |
| c | origode |
| d | 3 |
| e | ncip |
| f | 20 |
| g | y-gencatlg |
| 942 ## - ADDED ENTRY ELEMENTS (KOHA) | |
| Source of classification or shelving scheme | Library of Congress Classification |
| Koha item type | Books |
| Call number prefix | Filipininana |
| Withdrawn status | Lost status | Source of classification or shelving scheme | Damaged status | Home library | Current library | Shelving location | Date acquired | Total Checkouts | Total Renewals | Full call number | Barcode | Date last seen | Date checked out | Copy number | Price effective from | Koha item type |
|---|---|---|---|---|---|---|---|---|---|---|---|---|---|---|---|---|
| Library of Congress Classification | College Library | College Library | Filipiniana Section | 11/07/2012 | 2 | 26 | DS 523.3 .G577 2009 | C15936 | 05/08/2018 | 09/05/2017 | 1 | 11/14/2013 | Books |